Statistics for Countries Closest to Costa Rica

Click here to take the quiz!

General Stats

  • This quiz has been taken 51 times
  • The average score is 19 of 20

Answer Stats

Distance (km)Distance (mi)Country% Correct
249155Honduras
100%
00Panama
100%
274170Colombia
98%
535332Guatemala
98%
998620Jamaica
98%
749466Mexico
98%
00Nicaragua
98%
1,180 / 1,900773 / 1,181United States / Navassa Island / Puerto Rico
98%
629391Belize
96%
1,174730Cuba
96%
312195El Salvador
96%
1,010627Venezuela
96%
1,470913Dominican Republic
93%
653406Ecuador
91%
1,288800Haiti
91%
1,517943Bahamas
85%
1,212753Peru
85%
1,608999Brazil
83%
954593United Kingdom / Cayman Islands
80%
1,404872Netherlands / Aruba
74%

Score Distribution

Percentile by Number Answered

Percent of People with Each Score

Your Score History

You have not taken this quiz